[Event "Sparkassen-Open B"]
[Site "Heusenstamm, Martinsee"]
[Date "2025.11.21"]
[Round "2.1"]
[White "Plotnikow, Jewgeni"]
[Black "Henrich, David"]
[Result "0-1"]
[WhiteElo "1709"]
[BlackElo "1996"]
[PlyCount "34"]
[EventDate "2025.11.20"]
[WhiteTeam "SK Gründau"]
[BlackTeam "SF Hünstetten"]

1. c4 d6 2. Nc3 e5 3. g3 f5 4. Bg2 Nf6 5. e4 c6 6. Nge2 Be7 7. d4 O-O 8. dxe5 dxe5 9. Qxd8 Rxd8 10. exf5 Bxf5 11. O-O Na6 12. a3 Bd3 13. b3 Nc5 14. b4 Nb3 15. Ra2 Bxc4 16. Rb2 a5 17. b5 Nxc1 0-1

[Event "Sparkassen-Open B"]
[Site "Heusenstamm, Martinsee"]
[Date "2025.11.21"]
[Round "2.2"]
[White "Koholka, Jan"]
[Black "Greiner, Erwin"]
[Result "1-0"]
[WhiteElo "1897"]
[BlackElo "1710"]
[PlyCount "84"]
[EventDate "2025.11.20"]
[WhiteTeam "SK Langen"]
[BlackTeam "SC Bad Nauheim"]

1. e4 e6 2. d4 d5 3. Nc3 c5 4. exd5 exd5 5. Nf3 Nc6 6. Be3 cxd4 7. Nxd4 a6 8. Be2 Nf6 9. Bf3 Bb4 10. O-O Bxc3 11. Nxc6 bxc6 12. bxc3 O-O 13. Rb1 Bf5 14. Be2 Ne4 15. Rb3 c5 16. f3 Nf6 17. Bxc5 Re8 18. Bd3 Be6 19. Bd4 Nd7 20. Qe1 Qc7 21. Qh4 h6 22. Rbb1 Nc5 23. Rbe1 Nxd3 24. cxd3 Bf5 25. Rd1 Re2 26. Rf2 Rae8 27. Rd2 Re1+ 28. Rf1 R1e2 29. Rfd1 Qb7 30. Qf4 Rxd2 31. Qxd2 Qb5 32. h3 a5 33. f4 a4 34. Qf2 a3 35. Qg3 g6 36. Qh4 Qc6 37. Qxh6 f6 38. g4 Bxg4 39. hxg4 Re7 40. Qxg6+ Rg7 41. Qf5 Kf7 42. g5 Qa4 1-0

[Event "Sparkassen-Open B"]
[Site "Heusenstamm, Martinsee"]
[Date "2025.11.21"]
[Round "2.3"]
[White "Englert, Lin"]
[Black "Lingl, Peter"]
[Result "1-0"]
[WhiteElo "1878"]
[BlackElo "1708"]
[PlyCount "69"]
[EventDate "2025.11.20"]
[WhiteTeam "TV-Großostheim 1900 e.V."]
[BlackTeam "SC JÄKLECHEMIE Talente Franken e"]

1. d4 c5 2. d5 e5 3. e4 d6 4. c4 g6 5. Nf3 Bg7 6. Nc3 Ne7 7. Be2 O-O 8. a3 f5 9. exf5 Bxf5 10. Ng5 h6 11. Nge4 Bxe4 12. Nxe4 Nf5 13. O-O Qe7 14. Bd3 Nd7 15. Qg4 Kh7 16. Qh3 Nf6 17. Ng5+ Kg8 18. Bxf5 gxf5 19. Ne6 Rf7 20. Bxh6 Bxh6 21. Qxh6 Rh7 22. Qg6+ Kh8 23. Qxf5 Rg8 24. f3 Rh5 25. Qd3 Nh7 26. Rf2 Qh4 27. g3 Rxg3+ 28. Kf1 Qh3+ 29. Ke2 Rg2 30. Rh1 Rh4 31. Rhf1 Nf6 32. Rxg2 Qxg2+ 33. Rf2 Qh3 34. Qg6 Rh7 35. Qxf6+ 1-0

[Event "Sparkassen-Open B"]
[Site "Heusenstamm, Martinsee"]
[Date "2025.11.21"]
[Round "2.4"]
[White "Kaiser, Danny"]
[Black "Builes Palacio, Santiago"]
[Result "1-0"]
[WhiteElo "1704"]
[BlackElo "1868"]
[PlyCount "89"]
[EventDate "2025.11.20"]
[WhiteTeam "SC Bad Nauheim"]
[BlackTeam "Medellin"]

1. d4 Nf6 2. Nf3 d5 3. c4 e6 4. g3 Nc6 5. cxd5 exd5 6. Bg2 Bd6 7. O-O Ne7 8. Nc3 c6 9. Re1 O-O 10. Bd2 Re8 11. Rc1 h6 12. a3 a5 13. Na4 Bf5 14. Nc5 Qb6 15. Bc3 Nc8 16. Nh4 Bh7 17. Bh3 Ne7 18. Bg2 Nc8 19. Bh3 Ne7 20. Bg2 g5 21. Nf3 Nf5 22. Nd2 Ng7 23. e3 Ne4 24. Ncxe4 Bxe4 25. Nxe4 dxe4 26. Qc2 f5 27. Red1 Qb5 28. Bf1 Qb6 29. Bc4+ Kh7 30. d5 c5 31. Ba2 Qc7 32. Qd2 a4 33. Rc2 b5 34. Bd4 c4 35. Qc3 Be5 36. Qb4 Qb7 37. Bxe5 Rxe5 38. Bxc4 Rc8 39. Rdc1 Rb8 40. Ba2 Ree8 41. Rc7 Qa8 42. Qd4 Rg8 43. d6 Rbd8 44. Bxg8+ Kxg8 45. Qxg7# 1-0

[Event "Sparkassen-Open B"]
[Site "Heusenstamm, Martinsee"]
[Date "2025.11.21"]
[Round "2.5"]
[White "Heyartz, Wolfgang"]
[Black "Spiegel, Nina"]
[Result "1-0"]
[WhiteElo "1861"]
[BlackElo "1704"]
[PlyCount "77"]
[EventDate "2025.11.20"]
[WhiteTeam "SU Ebersberg-Grafing"]
[BlackTeam "Sfr Stiller Zug Wiesbaden"]

1. e4 c5 2. Nc3 g6 3. f4 Bg7 4. Nf3 a6 5. a4 Nc6 6. Bc4 d6 7. O-O e6 8. d3 Nge7 9. Qe1 O-O 10. Ne2 d5 11. Bb3 Na5 12. Ba2 Bd7 13. Bd2 Nac6 14. Bc3 d4 15. Bd2 b5 16. g4 bxa4 17. Bc4 Qb6 18. Rxa4 Nb4 19. Rxb4 cxb4 20. Bxb4 Rfe8 21. Ba3 Nc6 22. Ng3 a5 23. e5 Bf8 24. Bxf8 Rxf8 25. Ne4 Kg7 26. Nf6 Be8 27. g5 Rh8 28. Qh4 h5 29. gxh6+ Rxh6 30. Nxe8+ Rxe8 31. Qf6+ Kg8 32. Ng5 Qc7 33. f5 Qe7 34. fxe6 Qxf6 35. exf7+ Kg7 36. exf6+ Kf8 37. fxe8=Q+ Kxe8 38. f7+ Kf8 39. Ne6+ 1-0

[Event "Sparkassen-Open B"]
[Site "Heusenstamm, Martinsee"]
[Date "2025.11.21"]
[Round "2.6"]
[White "Schneider, Till"]
[Black "Degenhardt, Andreas"]
[Result "0-1"]
[WhiteElo "1701"]
[BlackElo "1860"]
[PlyCount "80"]
[EventDate "2025.11.20"]
[WhiteTeam "SC 1910 Höchst"]
[BlackTeam "SC 1970 Lorsch"]

1. c4 e6 2. g3 d5 3. Bg2 Nf6 4. Nc3 a6 5. d4 dxc4 6. Qa4+ Nbd7 7. Bf4 c6 8. Qxc4 Nb6 9. Qd3 Nfd5 10. Nf3 Nxf4 11. gxf4 Qf6 12. e3 Qg6 13. Bf1 Qxd3 14. Bxd3 Be7 15. Rg1 g6 16. a3 f6 17. h4 Kf7 18. Ne4 h6 19. O-O-O Nd7 20. Rg2 h5 21. Nc5 Rh6 22. Rdg1 Bxc5 23. Bxg6+ Rxg6 24. Rxg6 Bf8 25. e4 Nb6 26. e5 Nd5 27. exf6 Nxf4 28. Ne5+ Ke8 29. f7+ Ke7 30. Rg8 Ne2+ 31. Kb1 Nxg1 32. Rxg1 b6 33. Rg5 c5 34. Rxh5 cxd4 35. Rh8 Bb7 36. h5 Kf6 37. f4 Be4+ 38. Ka1 d3 39. Rg8 d2 40. Rg1 Rc8 0-1

[Event "Sparkassen-Open B"]
[Site "Heusenstamm, Martinsee"]
[Date "2025.11.21"]
[Round "2.7"]
[White "Brucker, Frank"]
[Black "Weidemann, Max"]
[Result "1/2-1/2"]
[WhiteElo "1841"]
[BlackElo "1699"]
[PlyCount "110"]
[EventDate "2025.11.20"]
[WhiteTeam "SV Oberursel"]
[BlackTeam "Vorw.Orient Mainz"]

1. b4 Nf6 2. Bb2 e6 3. b5 d5 4. e3 a6 5. a4 axb5 6. axb5 Rxa1 7. Bxa1 c5 8. bxc6 bxc6 9. Nf3 Be7 10. c4 Ba6 11. Qa4 O-O 12. Be2 Qb6 13. O-O Nbd7 14. d3 Nc5 15. Qc2 dxc4 16. dxc4 Rd8 17. Nbd2 Ne8 18. Rb1 Qc7 19. Bd4 f6 20. Ne4 Nxe4 21. Qxe4 Qd7 22. Qc2 c5 23. Bc3 Nd6 24. Nd2 e5 25. Ba5 Ra8 26. Bb6 Nc8 27. Ne4 Nxb6 28. Rxb6 Qc7 29. Qb2 Bc8 30. Nc3 Qa7 31. f3 Qa1+ 32. Qxa1 Rxa1+ 33. Kf2 Kf7 34. Nd5 Ra5 35. Bd3 Ra6 36. Rb5 Bf8 37. g4 h6 38. Be4 Bd6 39. Nb6 Be6 40. Nd5 Bc8 41. h4 g6 42. Nb6 Be6 43. Nd5 Bc8 44. Nc3 f5 45. gxf5 gxf5 46. Bb7 Bxb7 47. Rxb7+ Kg6 48. Kg3 Kh5 49. Nd5 Kg6 50. Rd7 Bf8 51. Rd8 Kf7 52. Rd7+ Kg6 53. Rb7 Bd6 54. Nb6 Bf8 55. Nd7 Bd6 1/2-1/2

[Event "Sparkassen-Open B"]
[Site "Heusenstamm, Martinsee"]
[Date "2025.11.21"]
[Round "2.9"]
[White "Himmelspacht, Maxim"]
[Black "Eitel, Liz"]
[Result "1-0"]
[WhiteElo "1831"]
[BlackElo "1680"]
[PlyCount "41"]
[EventDate "2025.11.20"]
[WhiteTeam "SK 1858 Gießen"]
[BlackTeam "Delmenhorster SK V 1931"]

1. e4 e5 2. Nf3 Nc6 3. d4 exd4 4. Nxd4 Nf6 5. Nxc6 bxc6 6. Bd3 Bc5 7. e5 Qe7 8. O-O Nd5 9. a3 a5 10. c4 Nb6 11. Nc3 O-O 12. Kh1 d5 13. exd6 cxd6 14. Re1 Be6 15. Ne4 d5 16. Bg5 f6 17. Nxc5 Qxc5 18. Be3 Qd6 19. Bxb6 Rfb8 20. c5 Qd7 21. Qh5 1-0

[Event "Sparkassen-Open B"]
[Site "Heusenstamm, Martinsee"]
[Date "2025.11.21"]
[Round "2.10"]
[White "Gao, Chen Fan"]
[Black "Welther, Patrick"]
[Result "1/2-1/2"]
[WhiteElo "1819"]
[BlackElo "1677"]
[PlyCount "97"]
[EventDate "2025.11.20"]
[WhiteTeam "SC Rotenburg"]
[BlackTeam "SC 1934 Gelnhausen"]

1. d4 Nf6 2. c4 e5 3. dxe5 Ng4 4. Nf3 Nc6 5. Bf4 Bb4+ 6. Nc3 Qe7 7. Qd5 f6 8. exf6 Nxf6 9. Qd3 d6 10. g3 O-O 11. Bg2 Ne4 12. O-O Bxc3 13. bxc3 Nc5 14. Qe3 Qxe3 15. Bxe3 Be6 16. Nd4 Bxc4 17. Nxc6 bxc6 18. Bxc6 Rab8 19. Bf3 Rb2 20. Rfe1 Rfb8 21. Rad1 Rxa2 22. Bxc5 dxc5 23. Bd5+ Bxd5 24. Rxd5 a5 25. Rxc5 Rb7 26. e4 Ra7 27. e5 Rd2 28. e6 Rd8 29. f4 a4 30. Ree5 g6 31. g4 Rda8 32. Re1 a3 33. Rb5 a2 34. Ra1 Ra4 35. Rb4 Kf8 36. Kf2 Ke7 37. f5 gxf5 38. gxf5 R4a5 39. Rb7 Rxf5+ 40. Ke3 Kd6 41. e7 Re5+ 42. Kd3 Rxe7 43. Rb2 Kc5 44. Raxa2 Rd8+ 45. Kc2 Re2+ 46. Kc1 Re1+ 47. Kc2 Re2+ 48. Kc1 Re1+ 49. Kc2 1/2-1/2

[Event "Sparkassen-Open B"]
[Site "Heusenstamm, Martinsee"]
[Date "2025.11.21"]
[Round "2.11"]
[White "Sejdovic, Cemal"]
[Black "Englert, Fred"]
[Result "0-1"]
[WhiteElo "1673"]
[BlackElo "1816"]
[PlyCount "60"]
[EventDate "2025.11.20"]
[WhiteTeam "SK 1959 Bischofsheim"]
[BlackTeam "SK 1982 Klingenberg e.V."]

1. e4 c6 2. Bc4 d5 3. Bd3 dxe4 4. Bxe4 Nf6 5. Bf3 g6 6. Ne2 Bg7 7. O-O O-O 8. c3 e5 9. Ng3 Re8 10. d3 Qb6 11. h3 Nbd7 12. Qc2 Nd5 13. Na3 N7f6 14. Re1 Qc7 15. Nc4 h5 16. Bg5 Nh7 17. Qd2 b5 18. Na3 Rb8 19. c4 Nxg5 20. Qxg5 Nf4 21. Nxh5 gxh5 22. Bxh5 Bxh3 23. Bf3 f6 24. Qg3 Bf5 25. Be4 Bxe4 26. Rxe4 bxc4 27. Nxc4 Rbd8 28. Rd1 Rd4 29. Rxd4 Ne2+ 30. Kh2 Nxg3 0-1

[Event "Sparkassen-Open B"]
[Site "Heusenstamm, Martinsee"]
[Date "2025.11.21"]
[Round "2.12"]
[White "Huang, Flora Yueya"]
[Black "Karres, David Tobias"]
[Result "1-0"]
[WhiteElo "1806"]
[BlackElo "1672"]
[PlyCount "123"]
[EventDate "2025.11.20"]
[WhiteTeam "SV Oberursel"]
[BlackTeam "SF Heidelberg"]

1. d4 Nf6 2. c4 e6 3. Nf3 d5 4. g3 a6 5. Bg2 Bb4+ 6. Bd2 Bxd2+ 7. Nbxd2 O-O 8. O-O Nbd7 9. Qc2 c6 10. e4 Nxe4 11. Nxe4 dxe4 12. Qxe4 Qc7 13. Rac1 Nf6 14. Qe5 Qxe5 15. Nxe5 Rd8 16. Rfd1 Bd7 17. Rd3 Rac8 18. Rcd1 Be8 19. Bh3 Rc7 20. Bg2 Nd7 21. Nxd7 Rcxd7 22. f4 f6 23. d5 exd5 24. cxd5 Bf7 25. d6 Bc4 26. Rd4 Bxa2 27. Bh3 Rf7 28. d7 Re7 29. Rb4 b5 30. Rbd4 Be6 31. Re4 Bxh3 32. Rxe7 Kf8 33. Re8+ Rxe8 34. dxe8=Q+ Kxe8 35. Kf2 Be6 36. Ke3 a5 37. Kd4 Bd5 38. Kc5 b4 39. Ra1 g5 40. fxg5 fxg5 41. Rxa5 b3 42. Kd4 h5 43. Rxd5 cxd5 44. Kxd5 Ke7 45. Kc4 Kf6 46. Kxb3 Kf5 47. Kc4 h4 48. gxh4 gxh4 49. b4 Kg4 50. b5 Kh3 51. b6 Kxh2 52. b7 Kg2 53. b8=Q h3 54. Qb2+ Kg1 55. Qc1+ Kg2 56. Qd2+ Kg1 57. Qg5+ Kh1 58. Kd3 h2 59. Qh4 Kg2 60. Qg4+ Kh1 61. Qe2 Kg1 62. Ke3 1-0

[Event "Sparkassen-Open B"]
[Site "Heusenstamm, Martinsee"]
[Date "2025.11.21"]
[Round "2.13"]
[White "Bauer, Ottmar"]
[Black "Tobias, Christian"]
[Result "1/2-1/2"]
[WhiteElo "1791"]
[BlackElo "1673"]
[PlyCount "55"]
[EventDate "2025.11.20"]
[WhiteTeam "TSV 1869 e.V. Rottendorf"]
[BlackTeam "SV Oberursel"]

1. e4 e5 2. Nf3 Nc6 3. Bb5 a6 4. Ba4 Nf6 5. d4 exd4 6. O-O Be7 7. Re1 b5 8. Bb3 d6 9. c3 dxc3 10. Nxc3 O-O 11. Nd5 Bb7 12. Bd2 Re8 13. Rc1 Rb8 14. Qc2 Nxd5 15. Bxd5 Ne5 16. Nxe5 dxe5 17. Bxb7 Rxb7 18. Ba5 Qd7 19. Red1 Qe6 20. Qc6 Qxc6 21. Rxc6 Rd8 22. Rxd8+ Bxd8 23. Rxa6 Rb8 24. Rc6 Rb7 25. Bb4 f6 26. Kf1 Kf7 27. Ke2 Be7 28. Bxe7 1/2-1/2

[Event "Sparkassen-Open B"]
[Site "Heusenstamm, Martinsee"]
[Date "2025.11.21"]
[Round "2.14"]
[White "Rafikova, Ailin"]
[Black "Wang, Enya Marie"]
[Result "1-0"]
[WhiteElo "1786"]
[BlackElo "1670"]
[PlyCount "59"]
[EventDate "2025.11.20"]
[WhiteTeam "SK 1947 Sandhausen e.V."]
[BlackTeam "TSV Schönaich"]

1. d4 d5 2. c4 dxc4 3. Nf3 Nf6 4. e3 c5 5. Bxc4 e6 6. Qe2 Nc6 7. dxc5 Bxc5 8. Nc3 O-O 9. O-O a6 10. e4 b5 11. Bb3 Re8 12. e5 Nd5 13. Qe4 Bd7 14. Nxd5 exd5 15. Qxd5 Qe7 16. Bg5 Qf8 17. Qxd7 Nxe5 18. Qf5 Nxf3+ 19. Qxf3 Re5 20. Bxf7+ Kh8 21. Bh4 Ra7 22. Bb3 Rf5 23. Qd3 Bd6 24. Bc2 Raf7 25. Bg3 Bxg3 26. Qxg3 Rc5 27. Qd3 Rh5 28. Rad1 Re7 29. Rfe1 Rf7 30. Qd8 1-0

[Event "Sparkassen-Open B"]
[Site "Heusenstamm, Martinsee"]
[Date "2025.11.21"]
[Round "2.15"]
[White "Duizendstra, Ben"]
[Black "Hofmann, Daniel"]
[Result "0-1"]
[WhiteElo "1666"]
[BlackElo "1777"]
[PlyCount "54"]
[EventDate "2025.11.20"]
[WhiteTeam "SK Bad Schwalbach"]
[BlackTeam "SK 1982 Klingenberg e.V."]

1. d4 d5 2. c4 e6 3. Nf3 Nf6 4. Nc3 Be7 5. Bf4 O-O 6. e3 c6 7. Be2 b6 8. Qb3 Nbd7 9. O-O Bb7 10. cxd5 exd5 11. Rac1 Re8 12. Rc2 Nf8 13. Ne5 Ng6 14. Nxg6 hxg6 15. h3 Bd6 16. Bxd6 Qxd6 17. Rfc1 g5 18. a3 g6 19. Na2 Rac8 20. Nb4 c5 21. dxc5 bxc5 22. Nd3 Ba6 23. Bg4 Rb8 24. Nb4 Bc4 25. Rxc4 dxc4 26. Qxc4 cxb4 27. Rd1 Qb6 0-1

[Event "Sparkassen-Open B"]
[Site "Heusenstamm, Martinsee"]
[Date "2025.11.21"]
[Round "2.16"]
[White "Becciu, Paolo"]
[Black "Gnandt, Michael"]
[Result "1-0"]
[WhiteElo "1776"]
[BlackElo "1667"]
[PlyCount "55"]
[EventDate "2025.11.20"]
[WhiteTeam "Bergische SF Bergisch"]
[BlackTeam "SV Steinhausen"]

1. e4 e5 2. Nf3 Nc6 3. Bc4 Bc5 4. c3 Nf6 5. d3 O-O 6. O-O d6 7. a4 a6 8. Nbd2 Be6 9. Bxe6 fxe6 10. b4 Ba7 11. Qb3 Qc8 12. Bb2 b6 13. b5 Na5 14. Qc2 c5 15. c4 Qb7 16. Rfc1 Bb8 17. Nf1 Qf7 18. Ng3 Qg6 19. Bc3 Nb7 20. a5 Bc7 21. axb6 Bxb6 22. bxa6 Nd8 23. Rcb1 Ba7 24. Ba5 Nc6 25. Qa4 Nxa5 26. Qxa5 Rfb8 27. Rb7 Qe8 28. Qc7 1-0

[Event "Sparkassen-Open B"]
[Site "Heusenstamm, Martinsee"]
[Date "2025.11.21"]
[Round "2.17"]
[White "Karaschewski, Kevin"]
[Black "Koch, Mika Jonas"]
[Result "0-1"]
[WhiteElo "1654"]
[BlackElo "1755"]
[PlyCount "60"]
[EventDate "2025.11.20"]
[WhiteTeam "Mönchengladbacher SV 1"]
[BlackTeam "SK Marburg 1931/72"]

1. d4 Nf6 2. c4 g6 3. Nf3 Bg7 4. Nc3 O-O 5. e4 d6 6. h3 e5 7. d5 a5 8. Be3 Na6 9. g4 Nc5 10. Bxc5 dxc5 11. g5 Ne8 12. Qd2 Nd6 13. O-O-O f5 14. gxf6 Qxf6 15. Nh2 Qxf2 16. Qxf2 Rxf2 17. Ng4 Bxg4 18. hxg4 Rf4 19. Rd2 Raf8 20. Bd3 Rxg4 21. Rdh2 Rg3 22. Rh3 Rxh3 23. Rxh3 h5 24. Kd2 Bh6+ 25. Ke1 Bf4 26. Be2 Kg7 27. b3 h4 28. Bg4 Bg3+ 29. Ke2 Rf4 30. Bf3 g5 0-1

[Event "Sparkassen-Open B"]
[Site "Heusenstamm, Martinsee"]
[Date "2025.11.21"]
[Round "2.18"]
[White "Mertens, Richard"]
[Black "Milman, Sophie"]
[Result "1-0"]
[WhiteElo "1772"]
[BlackElo "1664"]
[PlyCount "47"]
[EventDate "2025.11.20"]
[WhiteTeam "SC Weisse Dame e.V."]
[BlackTeam "VSG 1880 Offenbach"]

1. e4 e5 2. Nc3 Nc6 3. Nf3 Nf6 4. d4 exd4 5. Nxd4 d6 6. Be2 Be7 7. O-O O-O 8. a4 a6 9. Nxc6 bxc6 10. Re1 Bb7 11. Bf3 Re8 12. Bf4 h6 13. Qd3 Rb8 14. Rad1 Kf8 15. b3 Rc8 16. Ne2 Kg8 17. Ng3 Rb8 18. Qc3 c5 19. e5 Bxf3 20. Qxf3 Nd7 21. exd6 cxd6 22. Nf5 Rb6 23. Qg3 Kh8 24. Qxg7# 1-0

[Event "Sparkassen-Open B"]
[Site "Heusenstamm, Martinsee"]
[Date "2025.11.21"]
[Round "2.19"]
[White "Beier, Martin"]
[Black "Ghaznavi, Massoud"]
[Result "1/2-1/2"]
[WhiteElo "1768"]
[BlackElo "1652"]
[PlyCount "122"]
[EventDate "2025.11.20"]
[WhiteTeam "SK Bad Homburg 1927"]
[BlackTeam "SV Oberursel"]

1. e4 e5 2. Nf3 Nc6 3. d4 exd4 4. Bc4 h6 5. Nxd4 Ne5 6. Bb3 Bc5 7. Be3 d6 8. f3 Bd7 9. O-O Nf6 10. Nd2 O-O 11. Nc4 Qe8 12. Qd2 a6 13. Rae1 Ba7 14. Nxe5 dxe5 15. Ne2 Bxe3+ 16. Qxe3 Be6 17. Qc5 Bxb3 18. axb3 Rc8 19. Nc3 Qe6 20. Rd1 b6 21. Qe3 Rfd8 22. Rd3 Qc6 23. Rfd1 Rxd3 24. Rxd3 Kf8 25. Qd2 Re8 26. Nd5 Nxd5 27. Rxd5 g5 28. Qb4+ Kg7 29. c4 a5 30. Qa4 Qe6 31. Qd7 Re7 32. Qxe6 Rxe6 33. Kf2 h5 34. Kg3 Kg6 35. h4 gxh4+ 36. Kxh4 f6 37. Rd7 Rc6 38. Rd8 a4 39. bxa4 Rxc4 40. b3 Rc2 41. Kg3 Rc3 42. b4 Ra3 43. Ra8 f5 44. a5 fxe4 45. a6 e3 46. a7 Kf7 47. Rh8 Rxa7 48. Rxh5 Ke6 49. f4 exf4+ 50. Kxf4 Ra2 51. g4 e2 52. Re5+ Kf6 53. g5+ Kf7 54. Kf5 Rb2 55. g6+ Kf8 56. Kf6 e1=Q 57. Rxe1 Rf2+ 58. Kg5 Rg2+ 59. Kf6 Rf2+ 60. Ke6 c5 61. bxc5 bxc5 1/2-1/2

[Event "Sparkassen-Open B"]
[Site "Heusenstamm, Martinsee"]
[Date "2025.11.21"]
[Round "2.20"]
[White "Wambach, Johannes"]
[Black "Holschuh, Elias"]
[Result "1-0"]
[WhiteElo "1648"]
[BlackElo "1767"]
[PlyCount "51"]
[EventDate "2025.11.20"]
[WhiteTeam "SK 1982 Klingenberg e.V."]
[BlackTeam "SV Worms 1878"]

1. e4 e5 2. Nf3 Nc6 3. Bc4 Bc5 4. c3 Nf6 5. d4 exd4 6. O-O d5 7. exd5 Nxd5 8. cxd4 Be7 9. Qb3 Na5 10. Qa4+ c6 11. Bxd5 Qxd5 12. Nc3 Qd8 13. Re1 Be6 14. d5 Bxd5 15. Nxd5 Qxd5 16. Re5 Qd8 17. Qxa5 Qxa5 18. Rxa5 b5 19. Be3 a6 20. a3 Bd8 21. Re1 Bxa5 22. Bd2+ Kd8 23. Bxa5+ Kc8 24. Re7 f6 25. Rc7+ Kb8 26. Nd4 1-0

[Event "Sparkassen-Open B"]
[Site "Heusenstamm, Martinsee"]
[Date "2025.11.21"]
[Round "2.22"]
[White "Porstendörfer, Yannik"]
[Black "Derr, Georg"]
[Result "1-0"]
[WhiteElo "1749"]
[BlackElo "1605"]
[PlyCount "139"]
[EventDate "2025.11.20"]
[WhiteTeam "SK 1982 Klingenberg e.V."]
[BlackTeam "VSG 1880 Offenbach"]

1. d4 d5 2. Nc3 Nf6 3. Bf4 a6 4. e3 b5 5. Bd3 e6 6. g4 h6 7. Qf3 Bb7 8. Qh3 Rg8 9. Nf3 Ne4 10. Ne5 Nd7 11. Ne2 c5 12. c3 Be7 13. Nxd7 Qxd7 14. f3 Nf6 15. Ng3 c4 16. Bc2 Bd6 17. Bxd6 Qxd6 18. Nh5 Nxh5 19. Qxh5 a5 20. Rg1 Rh8 21. f4 b4 22. Kd2 a4 23. a3 b3 24. Bd1 g6 25. Qe5 Qxe5 26. fxe5 Ra7 27. Be2 Bc6 28. Raf1 Rh7 29. Rf4 g5 30. Rf6 Bb5 31. Rg3 Kf8 32. Rh3 Kg7 33. Bf3 Bc6 34. Bg2 Re7 35. e4 dxe4 36. Ke3 Rc7 37. Bxe4 Bxe4 38. Kxe4 Rd7 39. Rg3 Rh8 40. Rg1 Rhd8 41. Rh1 Rh8 42. h4 Rh7 43. Rf2 Rd8 44. hxg5 hxg5 45. Rxh7+ Kxh7 46. Rxf7+ Kg8 47. Rf6 Kg7 48. Rxe6 Rb8 49. Rf6 Rh8 50. Rf2 Rh4 51. Kf5 Rh3 52. Kxg5 Rd3 53. Kf5 Kf7 54. g5 Rg3 55. d5 Rd3 56. g6+ Kg7 57. Ke6 Kxg6 58. d6 Kg5 59. Ke7 Kg4 60. d7 Kg3 61. Rf1 Kg2 62. Rb1 Rd5 63. e6 Kf2 64. d8=Q Rxd8 65. Kxd8 Ke2 66. e7 Kd2 67. e8=Q Kc2 68. Qe4+ Kd2 69. Qe1+ Kc2 70. Qd1# 1-0

[Event "Sparkassen-Open B"]
[Site "Heusenstamm, Martinsee"]
[Date "2025.11.21"]
[Round "2.23"]
[White "Morgen, Andreas"]
[Black "Tran, Duy-Khang"]
[Result "1-0"]
[WhiteElo "1738"]
[BlackElo "1562"]
[PlyCount "42"]
[EventDate "2025.11.20"]
[WhiteTeam "SK Marburg 1931/72"]
[BlackTeam "TSV 1869 e.V. Rottendorf"]

1. e4 c5 2. Nf3 d6 3. c3 Nf6 4. h3 Nc6 5. Bd3 e6 6. Bc2 Be7 7. O-O O-O 8. d4 d5 9. e5 Nd7 10. Re1 cxd4 11. cxd4 f6 12. exf6 Nxf6 13. Nc3 Bd7 14. a3 Rc8 15. Qd3 g6 16. Bh6 Re8 17. Ng5 Ne4 18. Ngxe4 dxe4 19. Rxe4 Bg5 20. Bxg5 Qxg5 21. Rg4 Qe7 1-0

[Event "Sparkassen-Open B"]
[Site "Heusenstamm, Martinsee"]
[Date "2025.11.21"]
[Round "2.24"]
[White "Lee, Kwan Ho Matthew"]
[Black "Chiokadze, Barbare"]
[Result "1/2-1/2"]
[WhiteElo "1734"]
[BlackElo "1544"]
[PlyCount "130"]
[EventDate "2025.11.20"]
[WhiteTeam "SV Oberursel"]
[BlackTeam "Tiflis"]

1. Nf3 d5 2. g3 Nf6 3. Bg2 c5 4. O-O Nc6 5. d4 Bg4 6. Ne5 e6 7. Nxg4 Nxg4 8. e4 Nf6 9. exd5 Nxd5 10. c4 Nf6 11. d5 exd5 12. Re1+ Be7 13. cxd5 Nd4 14. Nc3 O-O 15. Be3 Nf5 16. Qa4 a6 17. Qf4 Nxe3 18. Rxe3 Nd7 19. h4 Bf6 20. Rd1 Bd4 21. Re2 Re8 22. Rde1 Rxe2 23. Rxe2 Nf6 24. Kh1 Bxc3 25. bxc3 Nxd5 26. Qc4 Nb6 27. Qe4 h6 28. Qe7 Qxe7 29. Rxe7 Rd8 30. Bxb7 Nd5 31. Bxd5 Rxd5 32. Rc7 Kf8 33. Kg2 Ke8 34. c4 Rf5 35. Rc6 Re5 36. Rxa6 Re4 37. Ra4 Kd7 38. Kf3 Rd4 39. Ke3 Ke6 40. Ra6+ Ke5 41. a4 Rxc4 42. Kd3 Rb4 43. Ra8 g5 44. hxg5 hxg5 45. a5 Ra4 46. a6 Kd6 47. a7 Ke7 48. f4 gxf4 49. gxf4 Kf6 50. Rc8 Rxa7 51. Rxc5 Ra3+ 52. Ke4 Ra4+ 53. Kf3 Rd4 54. Kg4 Ke6 55. Re5+ Kf6 56. Rf5+ Kg7 57. Rg5+ Kf8 58. Rc5 Rd1 59. Kf5 Rh1 60. Rc3 Rh5+ 61. Kg4 Rd5 62. Re3 Kg7 63. Re5 Rxe5 64. fxe5 f6 65. exf6+ Kxf6 1/2-1/2

[Event "Sparkassen-Open B"]
[Site "Heusenstamm, Martinsee"]
[Date "2025.11.21"]
[Round "2.25"]
[White "Leichum, Engelbert"]
[Black "Huang, Jasmin Shuya"]
[Result "0-1"]
[WhiteElo "1628"]
[BlackElo "1732"]
[PlyCount "84"]
[EventDate "2025.11.20"]
[WhiteTeam "Frankfurt/Main"]
[BlackTeam "SV Oberursel"]

1. e4 c5 2. d4 cxd4 3. c3 dxc3 4. Bc4 Nc6 5. Nf3 g6 6. O-O Bg7 7. Nxc3 d6 8. Ng5 Ne5 9. Bb3 h6 10. f4 Qb6+ 11. Kh1 Bg4 12. Qc2 hxg5 13. fxe5 Bxe5 14. Bxf7+ Kd7 15. Qa4+ Qc6 16. Qxc6+ bxc6 17. h3 Nf6 18. Kg1 Bd4+ 19. Kh2 Bh5 20. Bxg5 Bxc3 21. bxc3 Nxe4 22. Bh4 Nxc3 23. Rae1 e5 24. Re3 Nd5 25. Bxd5 cxd5 26. Rf7+ Kc6 27. Rc3+ Kb5 28. Rb7+ Ka5 29. Rcb3 Bd1 30. Rb1 Rxh4 31. Rxd1 Rb4 32. Rxb4 Kxb4 33. Rxd5 Rd8 34. Kg3 Kc4 35. Ra5 Rd7 36. Kf3 d5 37. Ra4+ Kc3 38. Rg4 d4 39. Ke2 Kc2 40. Rxg6 d3+ 41. Ke3 d2 42. Rc6+ Kb1 0-1

[Event "Sparkassen-Open B"]
[Site "Heusenstamm, Martinsee"]
[Date "2025.11.21"]
[Round "2.26"]
[White "Dick, Markus"]
[Black "Ziegler, Christopher"]
[Result "1-0"]
[WhiteElo "1597"]
[BlackElo "1731"]
[PlyCount "63"]
[EventDate "2025.11.20"]
[WhiteTeam "SV 1934 Ffm-Griesheim (V)"]
[BlackTeam "SV 1920 Kelsterbach"]

1. e4 e5 2. Nf3 Nf6 3. Nxe5 d6 4. Nf3 Nxe4 5. Nc3 Bf5 6. Nxe4 Bxe4 7. Be2 Be7 8. O-O O-O 9. d4 Nd7 10. Bd3 f5 11. Re1 Nf6 12. Ng5 Qd7 13. Nxe4 fxe4 14. Bxe4 d5 15. Bd3 Ng4 16. Be3 Bh4 17. g3 Be7 18. Qd2 Nxe3 19. fxe3 Rae8 20. e4 dxe4 21. Bxe4 Bf6 22. c3 b6 23. Qg2 Bxd4+ 24. cxd4 Qxd4+ 25. Kh1 Rf2 26. Bxh7+ Kf8 27. Rxe8+ Kxe8 28. Re1+ Kd8 29. Qa8+ Kd7 30. Qe8+ Kd6 31. Qd8+ Kc5 32. Rc1+ 1-0

[Event "Sparkassen-Open B"]
[Site "Heusenstamm, Martinsee"]
[Date "2025.11.21"]
[Round "2.28"]
[White "Alnajjar, Sara"]
[Black "Leibrock, Sven"]
[Result "1/2-1/2"]
[WhiteElo "1567"]
[BlackElo "1723"]
[PlyCount "50"]
[EventDate "2025.11.20"]
[WhiteTeam "SC Caissa Falkensee e.V."]
[BlackTeam "SF Hünstetten"]

1. d4 Nf6 2. c4 g6 3. Nc3 Bg7 4. Bg5 O-O 5. e3 d6 6. Nf3 Nbd7 7. Bd3 c6 8. O-O Qc7 9. Rc1 e5 10. dxe5 Nxe5 11. Nxe5 dxe5 12. Qf3 Nd7 13. e4 Nc5 14. Bc2 Ne6 15. Bh4 Nd4 16. Qe3 Be6 17. b3 f5 18. f3 f4 19. Qe1 h6 20. Kh1 Qf7 21. Ne2 c5 22. Nc3 g5 23. Bf2 g4 24. Bd1 h5 25. Bh4 Kh8 1/2-1/2

[Event "Sparkassen-Open B"]
[Site "Heusenstamm, Martinsee"]
[Date "2025.11.21"]
[Round "2.33"]
[White "Kulkovets, Roman"]
[Black "Schiller, Sebastian"]
[Result "1-0"]
[WhiteElo "1887"]
[BlackElo "1615"]
[PlyCount "51"]
[EventDate "2025.11.20"]
[WhiteTeam "SAbt TuS Makkabi Ffm"]
[BlackTeam "Kreuznacher SV 1921 e.V."]

1. e4 c6 2. d4 d5 3. Nd2 dxe4 4. Nxe4 Nf6 5. Nxf6+ exf6 6. c3 Bd6 7. Bd3 O-O 8. Ne2 Re8 9. Qc2 h5 10. Bd2 Be6 11. c4 Nd7 12. O-O-O a5 13. Nf4 Bxf4 14. Bxf4 b5 15. cxb5 cxb5 16. Kb1 Rc8 17. Qd2 Bc4 18. Bxc4 Rxc4 19. Rhe1 Rxe1 20. Rxe1 Nc5 21. dxc5 Qxd2 22. Bxd2 Rxc5 23. Bxa5 g5 24. Bc3 f5 25. Re5 Rxe5 26. Bxe5 1-0